000 00656nam a2200193Ia 4500
008 151121s9999||||xx |||||||||||||| ||und||
082 _a813/ठाकूर
082 _bHNW-118337
100 _aठाकूर अजित
245 _aसन्स ऑफ फॉर्च्यून
260 _b"मेहता पब्लिशिंग हाऊस, पुणे।"
260 _c2005
300 _a496
600 _aठाकूर अजित
630 _aसन्स ऑफ फॉर्च्यून
700 _aठाकूर अजित
730 _aसन्स ऑफ फॉर्च्यून
942 _cBOOK
999 _c1265861
_d1265858